Advanced calculus
Enregistré dans:
| Auteur principal: | |
|---|---|
| Format: | Livre |
| Langue: | Undetermined |
| Publié: |
Reading, Massachusetts
Addison-Wesley
1991
|
| Sujets: | |
| Tags: |
Ajouter un tag
Pas de tags, Soyez le premier à ajouter un tag!
|
| Thư viện lưu trữ: | Trung tâm Học liệu Trường Đại học Cần Thơ |
|---|
| LEADER | 00487nam a2200193Ia 4500 | ||
|---|---|---|---|
| 001 | CTU_22591 | ||
| 008 | 210402s9999 xx 000 0 und d | ||
| 020 | |b 119.5 | ||
| 082 | |a 515 | ||
| 082 | |b K17 | ||
| 100 | |a Wilfred Kaplan | ||
| 245 | 0 | |a Advanced calculus | |
| 245 | 0 | |c Wilfred Kaplan | |
| 260 | |a Reading, Massachusetts | ||
| 260 | |b Addison-Wesley | ||
| 260 | |c 1991 | ||
| 650 | |a calculus | ||
| 904 | |i Minh, 980519 | ||
| 980 | |a Trung tâm Học liệu Trường Đại học Cần Thơ | ||